Detalles MARC
| 000 -CABECERA |
| campo de control de longitud fija |
02168nam a2200289 a 4500 |
| 001 - NÚMERO DE CONTROL |
| campo de control |
000034656 |
| 003 - IDENTIFICADOR DEL NÚMERO DE CONTROL |
| campo de control |
DO-SdBNP |
| 005 - FECHA Y HORA DE LA ÚLTIMA TRANSACCIÓN |
| campo de control |
20260321073642.0 |
| 007 - CAMPO FIJO DE DESCRIPCIÓN FÍSICA--INFORMACIÓN GENERAL |
| campo de control de longitud fija |
ta |
| 008 - DATOS DE LONGITUD FIJA--INFORMACIÓN GENERAL |
| campo de control de longitud fija |
111013s1970 sp r 001 0 spa d |
| 040 ## - FUENTE DE LA CATALOGACIÓN |
| Centro catalogador/agencia de origen |
DO-SdBNP |
| Lengua de catalogación |
spa |
| Centro/agencia transcriptor |
BNPHU |
| Normas de descripción |
rda |
| 082 #4 - NÚMERO DE LA CLASIFICACIÓN DECIMAL DEWEY |
| Número de clasificación |
972.9 |
| Número de documento/Ítem |
B742d |
| Número de edición |
22 |
| 100 1# - ENTRADA PRINCIPAL--NOMBRE DE PERSONA |
| Nombre de persona |
Bosch, Juan, |
| Fechas asociadas al nombre |
1909-2001 |
| Término indicativo de función/relación |
autor |
| 9 (RLIN) |
76555 |
| 245 10 - MENCIÓN DE TÍTULO |
| Título |
De Cristóbal Colón a Fidel Castro : |
| Resto del título |
el Caribe, frontera imperal. |
| 264 ## - PRODUCCIÓN, PUBLICACIÓN, DISTRIBUCIÓN, FABRICACIÓN Y COPYRIGHT |
| Producción, publicación, distribución, fabricación y copyright |
Madrid : |
| Nombre del de productor, editor, distribuidor, fabricante |
Alfaguara, |
| Fecha de producción, publicación, distribución, fabricación o copyright |
1970. |
| 300 ## - DESCRIPCIÓN FÍSICA |
| Extensión |
740 páginas ; |
| Dimensiones |
21 cm. |
| 336 ## - TIPO DE CONTENIDO |
| Término de tipo de contenido |
rdacontent |
| Código de tipo de contenido |
texto |
| Fuente |
txt |
| 337 ## - TIPO DE MEDIO |
| Nombre/término del tipo de medio |
rdamedia |
| Código del tipo de medio |
sin mediación |
| Fuente |
n |
| 338 ## - TIPO DE SOPORTE |
| Código del tipo de soporte |
rdacarrier |
| Número de control del registro de autoridad o número normalizado |
volumen |
| Fuente |
nc |
| 490 1# - MENCIÓN DE SERIE |
| Mención de serie |
Hombres, hechos e ideas ; |
| Designación de volumen o secuencia |
XX |
| 505 0# - NOTA DE CONTENIDO CON FORMATO |
| Nota de contenido con formato |
Unas palabras del autor -- |
| Título |
Una frontera de cinco siglos -- |
| -- |
El escenario de la frontera -- |
| -- |
Indios y españoles en los primeros años de la frontera imperial -- |
| -- |
La conquista del Caribe entre 1508 y 1526 -- |
| -- |
La conquista entre 1526-1584 -- |
| -- |
Sublevaciones de indios, africanos y españoles en el siglo XVI -- |
| -- |
Las guerras de España en el siglo XVI -- |
| -- |
Contrabandistas, bucaneros y filibusteros -- |
| -- |
El siglo de la desmembración -- |
| -- |
El tiempo del espanto -- |
| -- |
Intermedio europeo -- |
| -- |
El Caribe hasta la Paz de Utrecht -- |
| -- |
Las guerras en el Caribe hasta la Paz de París (1763) -- |
| -- |
La revolución Norteamericana y sus resultados en el Caribe -- |
| -- |
La revolución francesa y su proyección en el Caribe -- |
| -- |
El tiempo de la libertad -- |
| -- |
Nacimiento de la República de Haití -- |
| -- |
En los umbrales de la gran conmoción -- |
| -- |
La guerra social venezolana -- |
| -- |
La independencia de los territorios españoles -- |
| -- |
1821-1851. Los años de reajuste -- |
| -- |
Los años de los episodios increíbles (1855-1861) -- |
| -- |
Las luchas por la independencia de Cuba (1868-1898) -- |
| -- |
El siglo del imperio norteamericano -- |
| -- |
Los años de las balas y de los dólares -- |
| -- |
Fidel Castro o la nueva etapa histórica del Caribe-- |
| -- |
Bibliografía -- |
| -- |
Reseña biográfica de Juan Bosch |
| -- |
Índice onomástico y geográfico -- |
| 590 ## - NOTA LOCAL (RLIN) |
| Nota local |
Inventariado, 2018/BT |
| 651 #0 - PUNTO DE ACCESO ADICIONAL DE MATERIA--NOMBRE GEOGRÁFICO |
| Nombre geográfico |
Caribe (Región) |
| Subdivisión general |
Historia |
| 9 (RLIN) |
87401 |
| 830 #0 - PUNTO DE ACCESO ADICIONAL DE SERIE-TÍTULO UNIFORME |
| Título uniforme |
Hombres, hechos e ideas |
| 9 (RLIN) |
20827 |
| 910 ## - DATOS DE OPCIÓN DEL USUARIO (OCLC) |
| Datos de opción del usuario |
Validado. Control de calidad. MMOLINA |
| 942 ## - ELEMENTOS DE PUNTO DE ACCESO ADICIONAL (KOHA) |
| Fuente del sistema de clasificación o colocación |
Dewey Decimal Classification |
| Tipo de ítem Koha |
Libro |